000
00226nam a22000857a 4500
008
221128b |||||||| |||| 00| 0 eng d
100
_a
Kibuishi
_9
7654
245
_a
Amulet (Escape from Lucien))-6
260
_a
India
_b
Scholastic
_c
2022
999
_c
12155
_d
12155